Obras [de Pedro Calderón de la Barca] /

Đã lưu trong:
Chi tiết về thư mục
Tác giả chính: Calderón de la Barca, Pedro (autor)
Định dạng: Sách
Ngôn ngữ:Tiếng Tây Ban Nha
Được phát hành: Barcelona, España : Argos Vergara, 1979, c1979
Những chủ đề:
Các nhãn: Thêm thẻ
Không có thẻ, Là người đầu tiên thẻ bản ghi này!

MARC

LEADER 00000nam^a2200000^a^4500
001 000100751
005 20250521000000.0
009 20260526122009.389
020 |a 84-7017-647-1 
037 |a Acervo ITESO - Biblioteca 
041 |a ESP 
082 |a 862.  |b CAL 
100 |a Calderón de la Barca, Pedro  |e (autor) 
245 1 0 |a Obras [de Pedro Calderón de la Barca] /  |c P. Calderón de la Barca ; ed. y notas de Angel Valbuena Prat. 
264 4 |a Barcelona, España :  |b Argos Vergara,  |c 1979, c1979 
300 |a 509 p. 
336 |a texto  |b txt  |2 rdacontenido 
337 |a sin mediación  |b n  |2 rdamedio 
338 |a volumen  |b nc  |2 rdasoporte 
545 0 |a Pedro Calderón de la Barca (1600-1681), dramaturgo y poeta español nacido en Madrid, fue una figura importante del Siglo de Oro de la literatura española. Se educó en un colegio jesuita y continuó sus estudios en las universidades de Alcalá y Salamanca. Fue soldado en la juventud y sacerdote en la vejez, cuya ordenación religiosa aconteció en 1651. Su primer comedia conocida fue Amor, honor y poder (1623); le siguieron La dama duende (1629); Casa con dos puertas, mala es de guardar (1632); No hay burlas con el amor (1637); ¿Cuál es la mayor perfección? (1663). Sus obras dramáticas se dividen en dramas religiosos, trágicos o de honor, y filosóficos. Entre las primeras destacan El príncipe constante (1629) y El mágico prodigioso (1637). De las trágicas o de honor están El médico de su honra (1635) y El alcalde de Zalamea (1640); y de las filosóficas la más conocida es La vida es sueño (1636). Además escribió unos ochenta autos sacramentales, los más conocidos son: El gran teatro del mundo (1636) y el Auto de la vida es sueño (1670). 
649 |a XX 
650 |a Teatro Español 
650 |a Literatura Española -  |y Epoca Clásica, 1500-1700 
650 |a Literatura Barroca 
910 |a Fondo Jesús Rodríguez 
920 |a Impresos - Libros 
930 |a Fondos Especiales 
940 |a Literatura 
905 |a 113 
901 |a 0500034711  |b IT2  |c ESP  |u 20250521 
902 |a https://opac.biblio.iteso.mx/vufind/Record/000100751